Detalles MARC
| 000 -CABECERA |
| campo de control de longitud fija |
00976nam a22002297a 4500 |
| 003 - IDENTIFICADOR DEL NÚMERO DE CONTROL |
| campo de control |
BPGM |
| 008 - DATOS DE LONGITUD FIJA--INFORMACIÓN GENERAL |
| campo de control de longitud fija |
260612m mx o|||gr|||| 001 u SPA d |
| 020 ## - NÚMERO INTERNACIONAL ESTÁNDAR DEL LIBRO |
| Número Internacional Estándar del Libro |
968-845-253-X |
| 040 ## - FUENTE DE LA CATALOGACIÓN |
| Centro catalogador/agencia de origen |
BPGM |
| Lengua de catalogación |
SPA |
| 041 ## - CÓDIGO DE LENGUA |
| Código de lengua del texto/banda sonora o título independiente |
SPA |
| Código de lengua original |
SPA |
| 082 04 - NÚMERO DE LA CLASIFICACIÓN DECIMAL DEWEY |
| Número de edición |
CQ / 304.8097245 / M53 |
| Número de clasificación |
CQ / 304.8097245 / M53 |
| Número de documento/Ítem |
M53 |
| 245 ## - MENCIÓN DE TÍTULO |
| Título |
MIGRACIÓN Y CAMBIO CULTURAL EN QUERÉTARO |
| 250 ## - MENCIÓN DE EDICIÓN |
| Mención de edición |
SEGUNDA EDICIÓN |
| Resto de la mención de edición |
ABRIL, 2007 |
| 260 ## - PUBLICACIÓN, DISTRIBUCIÓN, ETC. |
| Lugar de publicación, distribución, etc. |
MÉXICO, QUERÉTARO |
| Nombre del editor, distribuidor, etc. |
UNIVERSIDAD AUTÓNOMA DE QUERÉTARO |
| Fecha de publicación, distribución, etc. |
2007 |
| 300 ## - DESCRIPCIÓN FÍSICA |
| Extensión |
149 PÁGINAS; |
| Dimensiones |
21.5 CM X 14.2 CM |
| 336 ## - TIPO DE CONTENIDO |
| Fuente |
rdacontent |
| Término de tipo de contenido |
texto |
| Código de tipo de contenido |
txt |
| 337 ## - TIPO DE MEDIO |
| Fuente |
rdamedia |
| Nombre/término del tipo de medio |
sin mediación |
| Código del tipo de medio |
n |
| 338 ## - TIPO DE SOPORTE |
| Fuente |
rdacarrier |
| Nombre/término del tipo de soporte |
volumen |
| Código del tipo de soporte |
nc |
| 505 ## - NOTA DE CONTENIDO CON FORMATO |
| Nota de contenido con formato |
LOS MOVIMIENTOS MIGRATORIOS, FENÓMENO CARACTERÍSTICO DEL SIGLO XX, SE OBSERVAN EN LA REALIDAD HISTÓRICA QUERETANA; TRADICIONALMENTE, EN EL TERRITORIO ESTATAL SE HAN DESARROLLADO FLUJOS COMPENSATORIOS ENTRE LAS ZONAS DE ATRACCIÓN Y LAS EXPULSORAS DE POBLACIÓN. |
| 650 ## - PUNTO DE ACCESO ADICIONAL DE MATERIA--TÉRMINO DE MATERIA |
| Término de materia o nombre geográfico como elemento de entrada |
SERIE HUMANIDADES |
| 942 ## - ELEMENTOS DE PUNTO DE ACCESO ADICIONAL (KOHA) |
| Fuente del sistema de clasificación o colocación |
Dewey Decimal Classification |
| Tipo de ítem Koha |
Consulta Jóvenes y Adultos |